[Event "IND-ch U14"]
[Site "Ahmedabad"]
[Date "2022.05.09"]
[Round "2"]
[White "Atharva, Kale"]
[Black "Bharadia, Yash"]
[Result "0-1"]
[WhiteElo "1413"]
[BlackElo "1924"]
[PlyCount "73"]
[EventDate "2022.05.09"]
[EventType "swiss"]
[EventRounds "11"]
[EventCountry "IND"]
[SourceTitle "CBM 208 Extra"]
[Source "ChessBase"]
[SourceDate "2022.07.31"]
[SourceVersion "1"]
[SourceVersionDate "2022.07.31"]
[SourceQuality "1"]

1. e4 c5 2. Nf3 d6 3. d4 cxd4 4. Nxd4 Nf6 5. Nc3 a6 6. h3 e5 7. Nde2 b5 8. Ng3 Bb7 9. Bg5 Nbd7 10. Be2 h6 11. Be3 b4 12. Nd5 Nxd5 13. exd5 g6 14. 0-0 Bg7 15. Qd2 a5 16. c3 bxc3 17. bxc3 f5 18. f4 0-0 19. Rab1 Qc7 20. c4 Kh7 21. Rfc1 exf4 22. Bxf4 Ba6 23. Be3 Rae8 24. Bd3 Nc5 25. Ne2 Nxd3 26. Qxd3 Qe7 27. Kf2 Qh4+ 28. Kg1 Qe4 29. Qxe4 Rxe4 30. Nf4 Rxe3 31. Ne6 Rc8 32. Rb6 Rxe6 33. dxe6 Bd4+ 34. Kh1 Bxb6 35. e7 Re8 36. Re1 Bxc4 37. Ra1 0-1